Sesat di pendakian (Record no. 56626)
[ view plain ]
| 000 -LEADER | |
|---|---|
| fixed length control field | 00731nam a2200265 i 4500 |
| 001 - CONTROL NUMBER | |
| control field | C2-0241679 |
| 003 - CONTROL NUMBER IDENTIFIER | |
| control field | PPAK |
| 005 - DATE AND TIME OF LATEST TRANSACTION | |
| control field | 20180727203944.0 |
| 008 - FIXED-LENGTH DATA ELEMENTS--GENERAL INFORMATION | |
| fixed length control field | 020812s2002 my a|||| ||||| | may d |
| 020 ## - INTERNATIONAL STANDARD BOOK NUMBER | |
| International Standard Book Number | 9838239763 |
| 040 ## - CATALOGING SOURCE | |
| Original cataloging agency | PPAK |
| Language of cataloging | eng |
| Transcribing agency | PPAK |
| Description conventions | rda |
| 082 04 - DEWEY DECIMAL CLASSIFICATION NUMBER | |
| Classification number | 899.233 |
| Edition number | 23 |
| 090 00 - LOCALLY ASSIGNED LC-TYPE CALL NUMBER (OCLC); LOCAL CALL NUMBER (RLIN) | |
| Classification number (OCLC) (R) ; Classification number, CALL (RLIN) (NR) | 899.233 |
| Feature heading | ZIR |
| Feature heading | K |
| 100 0# - MAIN ENTRY--PERSONAL NAME | |
| Personal name | Zirwatul Hanim, |
| Relator term | author |
| 245 10 - TITLE STATEMENT | |
| Title | Sesat di pendakian |
| 264 #1 - PRODUCTION, PUBLICATION, DISTRIBUTION, MANUFACTURE, AND COPYRIGHT NOTICE | |
| Place of production, publication, distribution, manufacture | Petaling Jaya, Selangor : |
| Name of producer, publisher, distributor, manufacturer | Prisma , |
| Date of production, publication, distribution, manufacture, or copyright notice | 2002 |
| 300 ## - PHYSICAL DESCRIPTION | |
| Extent | 38 pages : |
| Other physical details | illustrations ; |
| Dimensions | 22 cm |
| 336 ## - CONTENT TYPE | |
| Source | rdacontent |
| Content type term | text |
| 337 ## - MEDIA TYPE | |
| Source | rdamedia |
| Media type term | unmediated |
| 338 ## - CARRIER TYPE | |
| Source | rdacarrier |
| Carrier type term | volume |
| 490 1# - SERIES STATEMENT | |
| Series statement | Siri Muridku sayang |
| 650 10 - SUBJECT ADDED ENTRY--TOPICAL TERM | |
| Topical term or geographic name entry element | Children's stories, Malay |
| 830 #0 - SERIES ADDED ENTRY--UNIFORM TITLE | |
| Uniform title | Siri Muridku sayang |
| 942 ## - ADDED ENTRY ELEMENTS (KOHA) | |
| -- | dc |
| Koha item type | Book |
| Withdrawn | Not for loan | Current library | Shelving location | Date acquired | Full call number | Barcode | Date last seen | Koha item type | Total Checkouts |
|---|---|---|---|---|---|---|---|---|---|
| Perpustakaan Alor Setar | Pinjaman Kanak-kanak | 12/08/2002 | K 899.233 ZIR | A01008644 | 08/05/2018 | Book | |||
| Perpustakaan Awam Sungai Petani | Pinjaman Kanak-kanak | 12/08/2002 | K 899.233 ZIR | A01008645 | 08/05/2018 | Book | |||
| Perpustakaan Bandar Baharu | Pinjaman Kanak-kanak | 12/08/2002 | K 899.233 ZIR | A01008650 | 08/05/2018 | Book | |||
| Perpustakaan Jitra | Pinjaman Kanak-kanak | 12/08/2002 | K 899.233 ZIR | A01008646 | 08/05/2018 | Book | |||
| Perpustakaan Langkawi | Pinjaman Kanak-kanak | 12/08/2002 | K 899.233 ZIR | A01008647 | 08/05/2018 | Book | |||
| Perpustakaan Yan | Pinjaman Kanak-kanak | 12/08/2002 | K 899.233 ZIR | A01008649 | 08/05/2018 | Book | |||
| Bergerak 1, Alor Setar | Pinjaman Kanak-kanak | 12/08/2002 | K 899.233 ZIR | A01008652 | 08/05/2018 | Book | |||
| Bergerak 3, Baling | Pinjaman Kanak-kanak | 12/08/2002 | K 899.233 ZIR | A01008654 | 08/05/2018 | Book | |||
| Bergerak 5, Kulim | Pinjaman Kanak-kanak | 12/08/2002 | K 899.233 ZIR | A01008656 | 08/05/2018 | Book | |||
| PD02, Kg. Banggol Besi, Pendang | Pinjaman Kanak-kanak | 12/08/2002 | K 899.233 ZIR | A01008658 | 08/05/2018 | Book | |||
| PD24, Felda Bukit Tangga, Bukit Kayu Hitam | Pinjaman Kanak-kanak | 12/08/2002 | K 899.233 ZIR | A01008661 | 08/05/2018 | Book | |||
| PD24, Felda Bukit Tangga, Bukit Kayu Hitam | Pinjaman Kanak-kanak | 12/08/2002 | K 899.233 ZIR | A01008666 | 08/05/2018 | Book | |||
| PD27, Kg. Bendang Bukit, Pendang | Pinjaman Kanak-kanak | 12/08/2002 | K 899.233 ZIR | A01008664 | 08/05/2018 | Book | |||
| PD28, Kg. Paya Kerchut, Pendang | Pinjaman Kanak-kanak | 12/08/2002 | K 899.233 ZIR | A01008665 | 08/05/2018 | Book |